Les institutions professionnelles et industrielles (Record no. 165677)

MARC details
000 -LEADER
campo de control de longitud fija 00858nam a22002175i 4500
001 - NÚMERO DE CONTROL
campo de control 165677
003 - IDENTIFICADOR DE NÚMERO DE CONTROL
campo de control ES-MaACL
005 - FECHA Y HORA DE LA ÚLTIMA TRANSACCIÓN
campo de control 20250826070745.0
008 - DATOS DE LONGITUD FIJA--INFORMACIÓN GENERAL
campo de control de longitud fija 971110s1898 fr |||| | fre d
100 1# - ENTRADA PRINCIPAL--NOMBRE DE PERSONA
Nombre de persona Spencer, Herbert,
Fechas asociadas al nombre 1820-1903
9 (RLIN) 107684
245 14 - MENCIÓN DEL TÍTULO
Título Les institutions professionnelles et industrielles
Resto del título : fin des principes de sociologie /
Mención de responsabilidad, etc. par Herbert Spencer ; traduit par Henry de Varigny.
260 ## - PUBLICACIÓN, DISTRIBUCIÓN, ETC.
Lugar de publicación, distribución, etc. Paris :
Nombre del editor, distribuidor, etc. Guillaumin et Cie.,
Fecha de publicación, distribución, etc. 1898.
300 ## - DESCRIPCIÓN FÍSICA
Extensión III, 526 p. ;
Dimensiones 23 cm.
490 1# - MENCIÓN DE SERIE
Mención de serie Bibliothèque de philosophie contemporaine
650 #7 - PUNTO DE ACCESO ADICIONAL DE MATERIA--TÉRMINO DE MATERIA
Término de materia o nombre geográfico como elemento de entrada Trabajo-
Subdivisión de forma Historia
Fuente del encabezamiento o término
9 (RLIN) 147608
650 #4 - PUNTO DE ACCESO ADICIONAL DE MATERIA--TÉRMINO DE MATERIA
Término de materia o nombre geográfico como elemento de entrada Sociología industrial.
9 (RLIN) 17214
700 1# - ENTRADA AGREGADA--NOMBRE PERSONAL
Nombre de persona Varigny, Henry Crosnier de (
Fechas asociadas al nombre 1855-1934?)
9 (RLIN) 157468
830 1# - PUNTO DE ACCESO ADICIONAL DE SERIE-TÍTULO UNIFORME
Título uniforme Bibliothèque de philosophie contemporaine
9 (RLIN) 181027
852 ## - LOCALIZACIÓN
Ubicación ES-MaACL
Número de control de estantería B-5573
Nota libre - Enc. hol.
Holdings
Estatus retirado Estado de pérdida Estado de daño No para préstamo Colección Biblioteca de origen Biblioteca actual Ubicación en estantería Fecha de adquisición Fuente de adquisición Total de préstamos Signatura topográfica completa Código de barras Visto por última vez Precio de reemplazo Tipo de ítem Koha
        Libros del s. XIX Biblioteca del Ateneo de Madrid Biblioteca del Ateneo de Madrid Sala Pardo Bazán 17/01/2008     B-5573 1173748 23/02/2023 23/02/2023 Libro impreso antiguo